|
|
|
|
| LEADER |
01118nam a2200241 a 4500 |
| 001 |
GR-MES3357 |
| 008 |
991111s1985 gr 000 0 gre d |
| 040 |
|
|
|a GrPaTEI
|b gre
|c GR-PaULI
|
| 245 |
0 |
0 |
|a Πολιτισμός και πολίτες :
|b (Μικρός οδηγός του ΥΠΠΕ).
|
| 260 |
|
|
|a [χ.τ.] :
|b Υπουργείο Πολιτισμού και Επιστημών,
|c 1985
|
| 300 |
|
|
|a 107σελ. :
|b σχεδ.,φωτ.
|
| 650 |
|
4 |
|a ΑΡΧΑΙΟΛΟΓΙΑ
|
| 650 |
|
4 |
|a ΚΑΛΕΣ ΤΕΧΝΕΣ
|
| 650 |
|
4 |
|a Κινηματογράφος
|
| 650 |
|
4 |
|a ΛΑΙΚΟΣ ΠΟΛΙΤΙΣΜΟΣ
|
| 650 |
|
4 |
|a ΜΝΗΜΕΙΑ
|
| 650 |
|
4 |
|a Πολιτισμός
|z Ελλάς
|
| 710 |
0 |
|
|a Υπουργείο Πολιτισμού και Επιστημών
|
| 710 |
2 |
|
|a Υπουργείο Πολιτισμού και Επιστημών
|
| 942 |
|
|
|2 ddc
|
| 952 |
|
|
|0 0
|1 0
|2 ddc
|4 0
|6 909_000000000000000_ΠΟΛ
|7 0
|9 267941
|a MSLG
|b MSLG
|c BSC
|d 2021-01-17
|e 24
|f 0
|g 0.00
|l 0
|o 909 ΠΟΛ
|p 2420000000786
|r 2021-01-17 00:00:00
|t 1
|w 2021-01-17
|y BK15
|x 19991111 0 1
|x GrPaTEI
|
| 971 |
|
|
|a .b25744021
|b 16-04-20
|c 13-09-16
|
| 999 |
|
|
|c 154298
|d 154298
|